000 00658nam a2200217Ia 4500
001 19391
003 GE_BSU
008 181216s||||||||xx |||||||||||||| ||und||
040 _cGE_BSU
245 _aХимия и жизнь-XXI век. №11. 2016
245 _bЕжемесячный научно-популярный журнал
245 _cГл.ред.Стельникова Л.Н.
260 _aМосква
260 _bНака-Пресс
260 _c2016
300 _a64 стр.28см. илл.
653 _aПериодика
653 _aХимия и жизнь. №11. 2016
653 _aპერიოდიკა
942 _cCR
999 _c52371
_d52371